Escuelas para pensar: una ciencia del aprendizaje en el aula

Guardat en:
Dades bibliogràfiques
Autor principal: Bruer, John T (autor)
Format: Llibre
Idioma:espanyol
Publicat: Barcelona, España: Paidós, 1995
Edició:1ª edición
Col·lecció:Temas de Educación, 37
Matèries:
Etiquetes: Afegir etiqueta
Sense etiquetes, Sigues el primer a etiquetar aquest registre!

MARC

LEADER 00000nam a2200000 a 4500
001 UCS0023
003 CL-VaPUC
005 20221129151053.0
008 970418e19950000SP |||||||||||||||||spa|d
999 |c 258298  |d 258296 
020 |a 8449301734 
040 |c Pontificia Universidad Católica de Valparaíso 
082 0 4 |a 371.302 BRU 1995  |2 21 
100 0 |a Bruer, John T  |e autor  |9 383096 
245 1 0 |a Escuelas para pensar: una ciencia del aprendizaje en el aula 
250 |a 1ª edición 
260 |a Barcelona, España:  |b Paidós,  |c 1995 
300 |a 319 páginas 
490 0 |a Temas de Educación, 37 
500 |a C.4 Donación Familia profesor Giovanni Parodi S. Memo 01/2022. 25-03-2022 
583 |a last modification  |c 19970418 00:00:00  |k Rodrigo Vera 
650 0 |a Educación  |9 258661 
650 0 |a Escuelas  |9 308582 
650 0 |a Aprendizaje   |9 254827 
650 0 |a Enseñanza  |9 256457 
650 0 |a Sala de clases   |9 372960 
942 |c BK  |2 ddc 
945 |d 19970418 00:00:00  |a rleighto 
952 |0 0  |1 0  |4 0  |6 371_302000000000000_BRU_1995  |7 0  |8 A  |9 282307  |a BIBEDU  |b BIBEDU  |d 2019-11-19  |i 3300692  |o 371.302 BRU 1995  |p 3300692  |r 2019-11-19  |w 2019-11-19  |y BK  |k EPE 
952 |0 0  |1 0  |4 0  |6 371_302000000000000_BRU_1995  |7 0  |8 A  |9 282308  |a BIBEDU  |b BIBEDU  |d 2019-11-19  |i 3306097  |o 371.302 BRU 1995  |p 3306097  |r 2019-11-19  |w 2019-11-19  |y BK  |k LIT 
952 |0 0  |1 0  |2 ddc  |4 0  |6 371_302000000000000_BRU_1995  |7 0  |8 C_GPS  |9 582398  |a FDOPOS  |b BIBEDU  |c GEN  |d 2022-04-04  |e Donación  |i 5650632  |l 3  |o 371.302 BRU 1995  |p 5650632  |r 2025-01-22  |s 2022-05-16  |t 4  |w 2022-04-04  |y BK  |k MLA